000 00378nam a2200145Ia 4500
008 230312s9999||||xx |||||||||||||| ||und||
020 _a9788120320581
082 _a621.395
_bGAY-O
100 _aGayakwad, Ramakant A.
245 0 _aOP Amps and Lienar Integrated Circuits
260 _bPHI Learning Pvt Ltd
_aIndia
_c2009
546 _aEng.
650 _aEngineering
942 _cBK
999 _c6149
_d6149